01457 a2200193 45000010006000000050017000060080041000230030015000640400040000790800035001192450115001540200018002692640044002873000019003315050784003500410008011341000022011428560099011645712520260407155834.0260407a1994 arg spa dAR-UNSa-BCEJYS aAR-UNSa-BCEJYSbspacAR-UNSa-BCEJYS a35xAdministración Pública10aAdministración pública. Actividad reglada, discrecional y técnicapnuevos mecanismos de control judicial a950-14-0772-1 1aBuenos Aires :bEdiciones Depalmac1994 a394 p.c23 cm. a1. El principio de juridicidad en la experiencia contemporánea – 2. La discrecionalidad dentro del orden jurídico administrativo – 3. Noción conceptual de la discrecionalidad – 4. Caracteres prácticos distintivos de la discrecionalidad – 5. La discrecionalidad técnica en sus diversas concepciones – 6. La técnica como presupuesto del orden jurídico y límite de la discrecionalidad – 7. Control judicial. Precisa demarcación de la zona de penumbra. Los juicios técnicos complejos. Una perspectiva diferente – 8. Verificación y apreciación de los hechos, calificación jurídica y determinación de la conducta – 9. Modalidades del control de la inserción de la discrecionalidad dentro de la juridicidad – 10. Conclusiones generales  aspa1 aSesin, Domingo J.41uhttps://www.biblioeco.unsa.edu.ar/pmb/images/libros/L128703.jpgyImagen de portadaqimage/jpeg